Southville International School and Colleges
Your cart is empty.
  • Cart
  • Lists
    Public lists Eva Luna New books Lux_list list_1
    Your lists Log in to create your own lists
  • Log in to your account
  • Your cookies
  • Search history
Southville International School and Colleges
  • Advanced search
  • Recent comments
  • Most popular
  • Libraries

Log in to your account

Log in with GOOGLE


If you do not have an external account, but do have a local account, you can still log in:

  1. Home
  2. MARC view: Navigating the landscape of marketing research
Normal view MARC view ISBD view

Navigating the landscape of marketing research (Record no. 367437)

[ view plain ]
MARC details
000 -LEADER
fixed length control field 00813nam a22002417a 4500
003 - CONTROL NUMBER IDENTIFIER
control field 0
005 - DATE AND TIME OF LATEST TRANSACTION
control field 20250430124209.0
008 - FIXED-LENGTH DATA ELEMENTS--GENERAL INFORMATION
fixed length control field 250430b xxu||||| |||| 00| 0 eng d
020 ## - INTERNATIONAL STANDARD BOOK NUMBER
International Standard Book Number 9789719655992
050 ## - LIBRARY OF CONGRESS CALL NUMBER
Classification number HF 5415.2
Item number .P277 2024
100 ## - MAIN ENTRY--PERSONAL NAME
Personal name Pasahol, Jhon Ven Saint L.
Relator term [author]
245 ## - TITLE STATEMENT
Title Navigating the landscape of marketing research
Statement of responsibility, etc Jhon Ven Saint L. Pasahol and three others.
260 ## - PUBLICATION, DISTRIBUTION, ETC. (IMPRINT)
Place of publication, distribution, etc Manila
Name of publisher, distributor, etc Mindshapers Co. Inc.
Date of publication, distribution, etc 2024
300 ## - PHYSICAL DESCRIPTION
Extent vi, 168 pages ;
Dimensions 26cm.
504 ## - BIBLIOGRAPHY, ETC. NOTE
Bibliography, etc Includes bibliographical references.
650 ## - SUBJECT ADDED ENTRY--TOPICAL TERM
Topical term or geographic name as entry element Marketing research--Philippines.
650 ## - SUBJECT ADDED ENTRY--TOPICAL TERM
Topical term or geographic name as entry element Consumer behavior.
650 ## - SUBJECT ADDED ENTRY--TOPICAL TERM
Topical term or geographic name as entry element Marketing—Decision making--Philippines.
700 ## - ADDED ENTRY--PERSONAL NAME
Personal name Tingga, Chanda R.
700 ## - ADDED ENTRY--PERSONAL NAME
Personal name Oliveros, Hernan M.
700 ## - ADDED ENTRY--PERSONAL NAME
Personal name Maddagan, Ma. Theresa G.
942 ## - ADDED ENTRY ELEMENTS (KOHA)
Source of classification or shelving scheme Library of Congress Classification
Koha item type Books
Holdings
Withdrawn status Lost status Source of classification or shelving scheme Damaged status Home library Current library Shelving location Date acquired Source of acquisition Sub Shelving location Total Checkouts Full call number Barcode Date last seen Price effective from Koha item type
    Library of Congress Classification   College Library College Library Filipiniana Section 04/30/2025 Library Fund     HF 5415.2 .P277 2024 C24564 04/30/2025 04/30/2025 Books
    Library of Congress Classification   College Library College Library Filipiniana Section 04/30/2025 Library Fund     HF 5415.2 .P277 2024 C24565 04/30/2025 04/30/2025 Books
    Library of Congress Classification   College Library College Library Filipiniana Section 04/30/2025 Library Fund     HF 5415.2 .P277 2024 C24566 04/30/2025 04/30/2025 Books

Navigating the landscape of marketing research

APA

Pasahol J. V. S. L., Tingga C. R., Oliveros H. M. & Maddagan M. T. G. (2024). Navigating the landscape of marketing research. Manila: Mindshapers Co. Inc.

Chicago

Pasahol Jhon Ven Saint L, Tingga Chanda R, Oliveros Hernan M and Maddagan Ma Theresa G. 2024. Navigating the landscape of marketing research. Manila: Mindshapers Co. Inc.

Harvard

Pasahol J. V. S. L., Tingga C. R., Oliveros H. M. and Maddagan M. T. G. (2024). Navigating the landscape of marketing research. Manila: Mindshapers Co. Inc.

MLA

Pasahol Jhon Ven Saint L, Tingga Chanda R, Oliveros Hernan M and Maddagan Ma Theresa G. Navigating the landscape of marketing research. Manila: Mindshapers Co. Inc. 2024.

  • Place hold
  • Print
  • Cite
  • Add to your cart (remove)
  • Save record
    BIBTEX Dublin Core MARCXML MARC (non-Unicode/MARC-8) MARC (Unicode/UTF-8) MARC (Unicode/UTF-8, Standard) MODS (XML) RIS
  • More searches
    Search for this title in:
    Other Libraries (WorldCat) Other Databases (Google Scholar) Online Stores (Bookfinder.com) Open Library (openlibrary.org)

Exporting to Dublin Core...

SOUTHVILLE LIBRARY

Southville International School and Colleges Library

1281 Tropical Ave. Cor. Luxembourg St., BF Homes International, Las Pinas City

Tel. No. 8256374 / 252358 Loc. 117/146

Powered by Koha